Leader as healer : (Record no. 24293)

MARC details
000 -LEADER
fixed length control field 00529nam a22001817a 4500
020 ## - INTERNATIONAL STANDARD BOOK NUMBER
ISBN 9789349358072
041 ## - LANGUAGE CODE
Language code of text/sound track or separate title English
082 ## - DEWEY DECIMAL CLASSIFICATION NUMBER
Classification number 658.4092
Item number JAN
100 ## - MAIN ENTRY--AUTHOR NAME
Author name Janni, Nicolas
245 ## - TITLE STATEMENT
Title Leader as healer :
Sub Title a new paradigm for 21st-century leadership /
Statement of responsibility, etc Nicolas Janni
260 ## - PUBLICATION, DISTRIBUTION, ETC. (IMPRINT)
Place of publication Hyderabad :
Name of publisher Jaico Publishing House ,
Year of publication 2025.
300 ## - PHYSICAL DESCRIPTION
Number of Pages xvi, 218 pages :
Other physical details Illustrations ;
Dimensions 21 cm.
650 ## - SUBJECT ADDED ENTRY--TOPICAL TERM
Subject Leadership,
650 ## - SUBJECT ADDED ENTRY--TOPICAL TERM
Subject Organizational behavior
650 ## - SUBJECT ADDED ENTRY--TOPICAL TERM
Subject Business
942 ## - ADDED ENTRY ELEMENTS (KOHA)
Source of classification or shelving scheme Dewey Decimal Classification
Koha item type Books
Holdings
Withdrawn status Lost status Source of classification or shelving scheme Damaged status Not for loan Home library Current library Shelving location Date acquired Source of acquisition Cost, normal purchase price Bill Date Full call number Accession Number Price effective from Koha item type
    Dewey Decimal Classification     Institute of Public Enterprise, Library Institute of Public Enterprise, Library S Campus 03/25/2026 Feel books pvt. ltd. 399.00 26/02/2026 658.4092 JAN 51004 03/25/2026 Books

Maintained and Designed by
2cqr automation private limited, Chennai. All Rights Reserved.

You are Visitor Number

PHP Hits Count